|
|
|
|
| LEADER |
02757nam a22003733i 4500 |
| 001 |
EBC5975125 |
| 003 |
MiAaPQ |
| 005 |
20240729202202.0 |
| 006 |
m o d | |
| 007 |
cr cnu|||||||| |
| 008 |
240729s2019 xx o ||||0 eng d |
| 020 |
|
|
|a 9789175190099
|q (electronic bk.)
|
| 035 |
|
|
|a (MiAaPQ)EBC5975125
|
| 035 |
|
|
|a (Au-PeEL)EBL5975125
|
| 035 |
|
|
|a (OCoLC)1129184344
|
| 040 |
|
|
|a MiAaPQ
|b eng
|e rda
|e pn
|c MiAaPQ
|d MiAaPQ
|
| 100 |
1 |
|
|a Tran Luciani, Danwei.
|
| 245 |
1 |
0 |
|a Designing for Sketching to Support Concept Exploration.
|
| 250 |
|
|
|a 1st ed.
|
| 264 |
|
1 |
|a Linköping :
|b Linkopings Universitet,
|c 2019.
|
| 264 |
|
4 |
|c {copy}2019.
|
| 300 |
|
|
|a 1 online resource (136 pages)
|
| 336 |
|
|
|a text
|b txt
|2 rdacontent
|
| 337 |
|
|
|a computer
|b c
|2 rdamedia
|
| 338 |
|
|
|a online resource
|b cr
|2 rdacarrier
|
| 490 |
1 |
|
|a Linköping Studies in Science and Technology. Dissertations Series ;
|v v.2013
|
| 505 |
0 |
|
|a Intro -- ABSTRACT -- SAMMANFATTNING -- TABLE OF CONTENTS -- 1. INTRODUCTION -- 1.1 Included publications -- 2. SKETCHING: THEORETICAL FRAMEWORK -- 2.1 Sketching works in idiomatic situations with sketching literacy -- 2.2 Sketching is challenging in non-idiomatic situations or without sketching literacy -- 3. CONSTRUCTIVE DESIGN RESEARCH: METHOD -- 3.1 Taking a programmatic approach -- 3.2 Making design examples -- 3.3 Facilitating explorative co-design workshops -- 3.4 Abstracting insights from co-design workshops -- 4. CASES -- 4.1 Fulldome: case one -- 4.1.1 The engagements -- 4.1.2 The design examples -- 4.2 Virtual reality: case two -- 4.2.1 The engagements -- 4.2.2 The design examples -- 4.3 Airspace with automation: case three -- 4.3.1 The engagements -- 4.3.2 The interactive design example -- 5. DESIGN TACTICS: KNOWLEDGE CONTRIBUTION -- 5.1 Be responsive: design tactic one -- 5.2 Emulate salient material properties: design tactic two -- 5.3 Be lightweight: design tactic three -- 6. CONCLUSION AND DISCUSSION -- 6.1 About method -- 6.2 A note on code-sketching -- 6.3 Future work -- REFERENCES -- Papers.
|
| 588 |
|
|
|a Description based on publisher supplied metadata and other sources.
|
| 590 |
|
|
|a Electronic reproduction. Ann Arbor, Michigan : ProQuest Ebook Central, 2024. Available via World Wide Web. Access may be limited to ProQuest Ebook Central affiliated libraries.
|
| 655 |
|
4 |
|a Electronic books.
|
| 776 |
0 |
8 |
|i Print version:
|a Tran Luciani, Danwei
|t Designing for Sketching to Support Concept Exploration
|d Linköping : Linkopings Universitet,c2019
|
| 797 |
2 |
|
|a ProQuest (Firm)
|
| 830 |
|
0 |
|a Linköping Studies in Science and Technology. Dissertations Series
|
| 856 |
4 |
0 |
|u https://ebookcentral.proquest.com/lib/matrademy/detail.action?docID=5975125
|z Click to View
|